Sudden Death - Nachbarländer Nordmazedoniens - Statistiken

Allgemein
  • Dieses Quiz wurde 61 mal gespielt
  • Das Durchschnittsergebnis liegt bei 4 aus 6
Answers on the Grid
Answers color-coded by a green-red scale on the quiz's grid according to % correct below.
Nordmazedonien🇲🇰
Griechenland🇬🇷
Kosovo🇽🇰
Albanien🇦🇱
Serbien🇷🇸
Rumänien🇷🇴
Bulgarien🇧🇬
Bosnien-Herzegowina🇧🇦
Montenegro🇲🇪
Slowenien🇸🇮
Kroatien🇭🇷
Zypern🇨🇾
Türkei🇹🇷
Georgien🇬🇪
Armenien🇦🇲
Aserbaidschan🇦🇿
Ungarn🇭🇺
Italien🇮🇹
Malta🇲🇹
Moldau🇲🇩
Slowakei🇸🇰
Israel🇮🇱
Ukraine🇺🇦
Russland🇷🇺
 
Antwortstatistiken
Antwort % Korrekt
Griechenland🇬🇷
84%
Albanien🇦🇱
79%
Kosovo🇽🇰
74%
Bulgarien🇧🇬
63%
Serbien🇷🇸
63%
Nordmazedonien🇲🇰
53%
Keine übereinstimmenden Quizze gefunden
Verteilung der Resultate
Anzahl Personen mit jedem Resultat
Perzentil nach korrekt beantworteten Fragen
Ihre Resultats-Entwicklung
Sie haben dieses Quiz noch nicht gespielt